Bioprocess Engineering : (Record no. 784)

MARC details
000 -LEADER
fixed length control field 00813nac a22002051u 4500
008 - FIXED-LENGTH DATA ELEMENTS--GENERAL INFORMATION
fixed length control field 100919t xxu||||| |||| 00| 0 eng d
010 ## - LIBRARY OF CONGRESS CONTROL NUMBER
LC control number 2001036431
020 ## - INTERNATIONAL STANDARD BOOK NUMBER
International Standard Book Number 8120321103
082 00 - DEWEY DECIMAL CLASSIFICATION NUMBER
Classification number 660.63
Item number SHU
100 ## - MAIN ENTRY--PERSONAL NAME
Personal name Shuler, Michael L.,
9 (RLIN) 19459
245 10 - TITLE STATEMENT
Title Bioprocess Engineering :
Remainder of title Basic Concepts /
Statement of responsibility, etc Michael L. Shuler, Fikret Kargi.
250 ## - EDITION STATEMENT
Edition statement 2nd ed.
260 ## - PUBLICATION, DISTRIBUTION, ETC. (IMPRINT)
Place of publication, distribution, etc New Delhi :
Name of publisher, distributor, etc Prentice-Hall of India,
Date of publication, distribution, etc c2003.
300 ## - PHYSICAL DESCRIPTION
Extent xx, 553 p. :
Other physical details ill. ;
Dimensions 24 cm.
504 ## - BIBLIOGRAPHY, ETC. NOTE
Bibliography, etc Includes bibliographical references and index.
650 #0 - SUBJECT ADDED ENTRY--TOPICAL TERM
Topical term or geographic name as entry element Biochemical engineering.
9 (RLIN) 19460
700 1# - ADDED ENTRY--PERSONAL NAME
Personal name Kargi, Fikret.
9 (RLIN) 19461
942 ## - ADDED ENTRY ELEMENTS (KOHA)
Item type Book - Borrowing
Call number prefix 660.63SHU
Source of classification or shelving scheme Dewey Decimal Classification
Holdings
Withdrawn status Item status Source of classification or shelving scheme Damaged status Not for loan Vendor Home library Current library Shelving location Date acquired Source of acquisition Cost, normal purchase price Total Checkouts Total Renewals Full call number Barcode Date last seen Date last borrowed Cost, replacement price Koha item type
    Dewey Decimal Classification       Central Library Central Library First floor 19/09/2010   130.00 3 17 660.63 SHU 000003798 15/07/2025 13/03/2019 162.50 Book - Borrowing